00343nam a2200133Ia 45000030006000000080041000060400015000471000016000622450067000782600029001453000006001745460012001800050017001920STCL150530s9999 xx 000 0 und d aSTCLcSTCL aAnindyo Roy aCivility , literature And Culture In British India (1822-1922) bRoutledge ; Londonc2006 a0 aEnglish20220125171444.0